000
00283nam a2200109Ia 4500
008
200302s9999 xx 000 0 und d
100
_a
Colin Rowe and others
245
_a
The Mathematics of the ideal villa and other essays
260
_b
The MIT Press
260
_c
1987
300
_a
219
999
_c
6999
_d
6999